| 000 | 01138nam a2200313 i 4500 | ||
|---|---|---|---|
| 001 | 16675 | ||
| 003 | ES-MaACL | ||
| 005 | 20230906151354.0 | ||
| 007 | t| | ||
| 008 | 001023s1999 mx ||||1| spa d | ||
| 020 | _a968-12-0965-6 | ||
| 080 | _a929 Reyes, Alfonso | ||
| 080 | _a929 Cosío Villegas, Daniel | ||
| 100 | 1 |
_aReyes, Alfonso, _d1889-1959 _996554 |
|
| 245 | 1 | 0 |
_aTestimonios de una amistad _b: correspondencia Alfonso Reyes-Daniel Cosío Villegas / _ccompilación de Alberto Enríquez Perea ; presentación de Javier Garciadiego. |
| 250 | _a1ª ed. | ||
| 260 |
_aMéxico : _bEl Colegio de México, _c1999. |
||
| 300 |
_a256 p. ; _c21 cm. |
||
| 490 | 1 |
_aColección Testimonios ; _v6 |
|
| 600 | 1 | 4 |
_aReyes, Alfonso, _d1889-1959- _vCorrespondencia _996556 |
| 600 | 1 | 4 |
_aCosío Villegas, Daniel- _xCorrespondencia. _940997 |
| 700 | 1 |
_aCosío Villegas, Daniel. _940996 |
|
| 700 | 1 |
_aEnríquez Perea, Alberto. _947291 |
|
| 700 | 1 |
_aGarciadiego, Javier. _955463 |
|
| 710 | 2 |
_aColegio de México. _92911 |
|
| 830 | 0 |
_aColección Testimonios ; _v6 _9180017 |
|
| 852 |
_aES-MaACL _jL-23681 _bR.128937 |
||
| 999 |
_c16675 _d16675 |
||